[Event "CZE-ch U14"]
[Site "Harrachov"]
[Date "2024.11.02"]
[Round "9"]
[White "Mojzisova, Barbora"]
[Black "Augustyn, Ondrej"]
[Result "1-0"]
[WhiteElo "1719"]
[BlackElo "1601"]
[PlyCount "115"]
[EventDate "2024.10.26"]
[EventType "swiss"]
[EventRounds "9"]
[EventCountry "CZE"]
[SourceTitle "CB45_2024"]
[Source "ChessBase"]
[SourceDate "2024.11.06"]
[SourceVersion "1"]
[SourceVersionDate "2024.11.06"]
[SourceQuality "1"]

1. e4 c5 2. Nf3 Nc6 3. d4 cxd4 4. Nxd4 e5 5. Nb3 Nf6 6. Nc3 Bb4 7. Bd3 d5 8. exd5 Nxd5 9. Bd2 Nxc3 10. bxc3 Bd6 11. 0-0 0-0 12. Qh5 f5 13. Bc4+ Kh8 14. Bf7 Qf6 15. Bc4 Be6 16. Bg5 Qf7 17. Qxf7 Bxf7 18. Bxf7 Rxf7 19. Rad1 Bc7 20. Rd3 e4 21. Rd5 h6 22. Bc1 Rff8 23. Ba3 Rad8 24. Rfd1 Rxd5 25. Rxd5 Rd8 26. Rxd8+ Nxd8 27. g3 Be5 28. Nd4 g6 29. Kf1 Nc6 30. Nxc6 bxc6 31. Bc5 a6 32. Bd4 Bg7 33. Ke2 Kg8 34. Ke3 Kf7 35. f3 exf3 36. Kxf3 Bf6 37. Ke3 Ke6 38. Kd3 Be5 39. Be3 g5 40. c4 f4 41. gxf4 gxf4 42. Bd2 Kf5 43. h3 h5 44. Be1 Bb2 45. Bd2 Ba3 46. Kd4 Be7 47. Be1 Bg5 48. Kc5 Ke4 49. Kxc6 f3 50. Kb6 Be3+ 51. Kxa6 f2 52. Bxf2 Bxf2 53. Kb5 h4 54. c5 Kf3 55. a4 Kg2 56. a5 Kxh3 57. a6 Kg3 58. a7 1-0

[Event "CZE-ch U14"]
[Site "Harrachov"]
[Date "2024.11.01"]
[Round "8"]
[White "Augustyn, Ondrej"]
[Black "Ocelak, Lukas"]
[Result "1-0"]
[WhiteElo "1601"]
[BlackElo "1681"]
[PlyCount "111"]
[EventDate "2024.10.26"]
[EventType "swiss"]
[EventRounds "9"]
[EventCountry "CZE"]
[SourceTitle "CB45_2024"]
[Source "ChessBase"]
[SourceDate "2024.11.06"]
[SourceVersion "1"]
[SourceVersionDate "2024.11.06"]
[SourceQuality "1"]

1. e4 c6 2. d4 d5 3. Nc3 dxe4 4. Nxe4 Nf6 5. Nxf6+ exf6 6. c3 Bd6 7. Bd3 Nd7 8. Ne2 Nf8 9. Be3 Ng6 10. h4 Qc7 11. Qc2 Be6 12. h5 Nf8 13. 0-0-0 0-0-0 14. c4 Kb8 15. c5 Ka8 16. cxd6 Qxd6 17. Qc5 Qb8 18. Kb1 Nd7 19. Qa5 Nb6 20. Rc1 Nd5 21. Be4 Ne7 22. Bf4 Qc8 23. Qc7 Qxc7 24. Bxc7 Rd7 25. Bf4 Rhd8 26. Be3 Rc8 27. Nf4 h6 28. Rhd1 Rcd8 29. Rc3 a6 30. b3 Kb8 31. Kc2 Kc8 32. Rd2 Kb8 33. f3 f5 34. Bd3 Kc8 35. Bc4 Bd5 36. Bxd5 Nxd5 37. Nxd5 Rxd5 38. Rc5 R8d7 39. Bf2 Kc7 40. Rxd5 Rxd5 41. Re2 Kd7 42. Re5 Rxe5 43. dxe5 Ke6 44. f4 Kd5 45. Kd3 b5 46. b4 g6 47. Bc5 Ke6 48. Kd4 gxh5 49. Bd6 f6 50. Kc5 fxe5 51. Bxe5 h4 52. Bc3 Kd7 53. Be1 h5 54. Bxh4 Kc7 55. Bf6 Kd7 56. Be5 1-0

[Event "CZE-ch U14"]
[Site "Harrachov"]
[Date "2024.10.30"]
[Round "6"]
[White "Augustyn, Ondrej"]
[Black "Frantsev, Iegor"]
[Result "0-1"]
[WhiteElo "1601"]
[BlackElo "1669"]
[PlyCount "37"]
[EventDate "2024.10.26"]
[EventType "swiss"]
[EventRounds "9"]
[EventCountry "CZE"]
[SourceTitle "CB45_2024"]
[Source "ChessBase"]
[SourceDate "2024.11.06"]
[SourceVersion "1"]
[SourceVersionDate "2024.11.06"]
[SourceQuality "1"]

1. e4 c6 2. d4 d5 3. Nc3 dxe4 4. Nxe4 Nf6 5. Nxf6+ exf6 6. c3 Bd6 7. Bd3 0-0 8. Qc2 Re8+ 9. Ne2 h5 10. Be3 b5 11. d5 a6 12. a4 bxa4 13. dxc6 Nxc6 14. Rxa4 Bb7 15. 0-0 Ne5 16. Rd1 Qc7 17. Bf4 Nxd3 18. Rxd3 Bxf4 19. Rxf4 0-1

[Event "CZE-ch U14"]
[Site "Harrachov"]
[Date "2024.10.28"]
[Round "4"]
[White "Augustyn, Ondrej"]
[Black "Pokorny, Petr2"]
[Result "1-0"]
[WhiteElo "1601"]
[BlackElo "1746"]
[PlyCount "53"]
[EventDate "2024.10.26"]
[EventType "swiss"]
[EventRounds "9"]
[EventCountry "CZE"]
[SourceTitle "CB45_2024"]
[Source "ChessBase"]
[SourceDate "2024.11.06"]
[SourceVersion "1"]
[SourceVersionDate "2024.11.06"]
[SourceQuality "1"]

1. e4 c6 2. d4 d5 3. e5 Bf5 4. Nf3 e6 5. Be2 c5 6. Be3 Qb6 7. Nc3 c4 8. 0-0 Nc6 9. b3 cxb3 10. axb3 a6 11. Nh4 Nge7 12. Nb5 Ng6 13. Nxf5 exf5 14. c4 Qd8 15. cxd5 axb5 16. Rxa8 Qxa8 17. Bxb5 Be7 18. Qa1 Qc8 19. Qa4 0-0 20. dxc6 bxc6 21. Bxc6 Rd8 22. f4 f6 23. Qc4+ Kh8 24. e6 Nf8 25. d5 Qb8 26. Bc5 Qc7 27. Ra1 1-0